• 首页
  • 本馆介绍
  • 公告通知
  • 最新文献
  • 馆藏检索
  • 电子资源
  • 读者导购
  • 参考咨询
  • 我的图书馆
  • 登录
  • 详细信息显示
  • 放入我的书架
  • 预约/预借图书
  • 作者相关作品
  • 分类相关作品
  • 丛书相关作品
  • 出版社相关作品

书目信息

  • 表格格式
  • 工作单格式
  • 卡片格式
题名:
果品加工
    
 
作者: 陈学平 , 叶兴乾 编著
分册:  
出版信息: 北京   农业出版社  1988.9
页数: 302页
开本: 19厘米
丛书名:
单 册:
中图分类: TS255.4
科图分类:
主题词: 水果加工
电子资源:
ISBN: 7-109-00295-0
000 00778cam0 2200253 450
001 0100244983
005 20060522102339.0
010    @a7-109-00295-0@dCNY2.15
011    @a7-109-00295-0
100    @a19910417d1988 m y0chiy0110 ea
101 0  @achi
102    @aCN@b110000
105    @ay z 000yy
106    @az
200 1  @a果品加工@9Guo Pin Jia Gong @f陈学平,叶兴乾编著@b专著
210    @a北京@c农业出版社@d1988.9
215    @a302页@d19厘米
330    @a本书概述了果品加工的理论和技术、果品的罐藏、制汁、干制、糖制、酿酒和速冻等果品加工的全部内容。
606 0  @a水果加工
690    @aTS255.4@v1980
701  0 @a陈学平@9chen xue ping@4编著
701  0 @a叶兴乾@9ye xing qian@4编著
801  0 @aCN@bAiZhiMarc@c19910417
905    @aBZT@dTS255.4@e106@f8@sTS255.4/106
    
    果品加工/陈学平,叶兴乾编著.-北京:农业出版社,1988.9
    302页;19厘米
    
    
    ISBN 7-109-00295-0:CNY2.15
    本书概述了果品加工的理论和技术、果品的罐藏、制汁、干制、糖制、酿酒和速冻等果品加工的全部内容。
●
相关链接 在五车中查询图书 在当当中查询图书 在豆瓣中查询图书


正题名:果品加工     索取号:TS255.4/106         预约/预借

序号 登录号 条形码 馆藏地/架位号 状态 备注
1 2000106976   2000106976   旧书回溯/ [索取号:TS255.4/106] 在馆    
2 2000106984   2000106984   旧书回溯/ [索取号:TS255.4/106] 在馆    
3 2000107016   2000107016   旧书回溯/ [索取号:TS255.4/106] 在馆    
4 2000107017   2000107017   旧书回溯/ [索取号:TS255.4/106] 在馆    
5 2000107018   2000107018   旧书回溯/ [索取号:TS255.4/106] 在馆    
6 2000107019   2000107019   旧书回溯/ [索取号:TS255.4/106] 在馆    
7 2000107020   2000107020   旧书回溯/ [索取号:TS255.4/106] 在馆    
8 2000107021   2000107021   旧书回溯/ [索取号:TS255.4/106] 在馆    
山东省滨州职业学院图书馆 欢迎您!
大连网信软件有限公司© 版权所有